Introduction to the theory of statistics
Պահպանված է:
| Հիմնական հեղինակներ: | , , |
|---|---|
| Ձևաչափ: | Գիրք |
| Լեզու: | անգլերեն |
| Հրապարակվել է: |
Nueva York
McGraw-Hill
1974
|
| Հրատարակություն: | 3a. ed |
| Շարք: | McGraw-Hill Series in probability and Statistics
|
| Խորագրեր: | |
| Ցուցիչներ: |
Ավելացրեք ցուցիչ
Չկան պիտակներ, Եղեք առաջինը, ով նշում է այս գրառումը!
|
MARC
| LEADER | 00000nam a2200000 a 4500 | ||
|---|---|---|---|
| 001 | UCU0264 | ||
| 003 | CL-VaPUC | ||
| 008 | 960322e19740000US |||||||||||||||||eng|d | ||
| 020 | |a 0070428646 | ||
| 082 | 0 | 4 | |a 519.5 |b MOO |2 21 |
| 100 | |a Mood, Alexander McFarlane |e autor |9 355267 | ||
| 700 | |a Graybill, Franklin A |e author |9 424770 | ||
| 700 | 0 | |a Boes, Duane C |e author |9 355269 | |
| 245 | 1 | 0 | |a Introduction to the theory of statistics |
| 250 | |a 3a. ed | ||
| 300 | |a 564 p | ||
| 942 | |c BK | ||
| 945 | |d 19960322 00:00:00 |a rbrito | ||
| 260 | |a Nueva York |b McGraw-Hill |c 1974 | ||
| 650 | 0 | |a Estadística matemática |9 260028 | |
| 650 | 0 | |a Probabilidad |9 349606 | |
| 650 | 0 | |a Modelos lineales |9 270494 | |
| 583 | |a last modification |c 20130306 02:17:50 |k Rodrigo Vera | ||
| 490 | 0 | |a McGraw-Hill Series in probability and Statistics | |
| 999 | |c 245141 |d 245139 | ||
| 952 | |0 0 |1 0 |4 0 |6 519_500000000000000_MOO_1974 |7 0 |8 R |9 259549 |a BIBGIM |b BIBGIM |d 2019-11-19 |i 3183416 |o 519.5 MOO 1974 |p 3183416 |r 2025-01-15 |w 2019-11-19 |y BK_R |k EST | ||
| 952 | |0 0 |1 0 |4 0 |6 519_500000000000000_MOO_1974 |7 0 |8 A |9 259550 |a BIBING |b BIBING |d 2019-11-19 |i 165487K |o 519.5 MOO 1974 |p 165487K |r 2025-01-20 |w 2019-11-19 |y BK |k ING | ||
| 952 | |0 0 |1 0 |4 0 |6 519_500000000000000_MOO_1974 |7 0 |8 A |9 259551 |a BIBING |b BIBING |d 2019-11-19 |i 1654837 |o 519.5 MOO 1974 |p 1654837 |r 2025-01-20 |w 2019-11-19 |y BK |k ING | ||
| 952 | |0 0 |1 0 |4 0 |6 519_500000000000000_MOO_1974 |7 0 |8 A |9 259553 |a BIBMAT |b BIBMAT |d 2019-11-19 |i 1309633 |l 1 |o 519.5 MOO 1974 |p 1309633 |r 2025-04-04 |s 2025-03-27 |w 2019-11-19 |y BK |k MAT | ||
| 952 | |0 0 |1 0 |4 0 |6 519_500000000000000_MOO_1974 |7 0 |8 R |9 259554 |a BIBGIM |b BIBGIM |d 2019-11-19 |i 4327594 |l 3 |o 519.5 MOO 1974 |p 4327594 |r 2025-01-15 |s 2024-03-20 |w 2019-11-19 |y BK_R |k EST | ||